| 000 | 00000nam##2200000za#4500 |
| 001 | 9.645612 |
| 003 | CaOODSP |
| 005 | 20200330130009 |
| 007 | ta |
| 008 | 150407|1994||||xxc||||| f|0| 0 eng|d |
| 020 | |a0-660-15602-4 |
| 040 | |aCaOODSP|beng |
| 043 | |an-cn--- |
| 086 | 1 |aH46-2/94-186E |
| 110 | 1 |aCanada.|bHealth Canada. |bEnvironmental Health Directorate. |
| 245 | 10|aSafety requirements and guidance for analytical x-ray equipment : |b(Safety Code 32) / |cby H. P. Maharaj. |
| 260 | |aOttawa - Ontario : |bHealth Canada. |c1994. |
| 300 | |a32p. : |breferences ; |c22 cm. |
| 500 | |a"While the term analytical x-ray equipment generally refers to all types of x-ray diffraction and spectrographic systems designed primarily for performing microscopic examinations or analyzing x-ray spectra of matter at the atomic or crystalline level, it is used in this Safety Code to mean those systems that contain an x-ray tube (or sealed demountable tower) as the source of ionizing radiation."--Foreword. "Safety Code 32 supersedes Safety Code 19: Recommended Safety Procedures for the Selection, Installation and Use of X-Ray Diffraction Equipment."--Cover page. |
| 520 | 3 |aThe only code available for analytical x-ray equipment. It replaces "Safety Code 19: Recommended Safety Procedures for the Selection, Installation and Use of X-Ray Diffraction Equipment" (1984). The code outlines regulatory standards for new and used equipment and identifies the specific responsibilities of the equipment owner, user and maintenance personnel. (94-EHD-186) |
| 563 | |aSoftcover |
| 590 | |a94-46|b1994-11-18 |
| 690 | 07|aOccupational health|2gcpds |
| 720 | 1 |aMaharaj, H. P. |
| 775 | 08|tAppareils d'analyse aux rayons X: exigences et recommandations en matière de sécurité : |w(CaOODSP)9.679269 |
| 776 | 0#|tSafety requirements and guidance for analytical x-ray equipment : |w(CaOODSP)9.695404 |
| 986 | |a94-EHD-186 |